000 00285nam a2200121Ia 4500
008 230511s1954 xx 000 0 und d
041 _aeng
082 _a348.044
100 _aAgarwalla
245 _aSupreme Court Digest 1950-54
260 _c1954
906 _aSupreme Court Cases
999 _c353863
_d353863